| 000 | 00676cam a2200229u 4500 | ||
|---|---|---|---|
| 001 | 7932200 | ||
| 003 | NUST - PNEC | ||
| 005 | 20170116181057.0 | ||
| 008 | 830118s1955 enka 000 0 eng | ||
| 010 | _a 56020201 | ||
| 040 |
_aDLC _cLIBRARY _dDLC |
||
| 050 | 0 | 0 |
_aHF5549 _b.N6 1955 |
| 082 | _a658.3 NOR | ||
| 100 | 1 |
_aNorthcott, Clarence H. _q(Clarence Hunter), _d1880-1968. |
|
| 245 | 0 | 0 | _aPersonnel management, principles and practice. |
| 250 | _a3d ed. | ||
| 260 |
_aLondon, _bPitman _c[1955] |
||
| 300 |
_a427 p. _billus. _c23 cm. |
||
| 650 |
_912113 _bManagement information system _xMIS |
||
| 906 |
_a0 _bcbc _cpremunv _du _encip _f19 _gy-gencatlg |
||
| 942 |
_2ddc _cBK |
||
| 999 |
_c68591 _d68591 |
||